000
00319nam a22001457a 4500
008
221202b ||||| |||| 00| 0 eng d
020
_a
9780763753795
041
_a
eng
080
_a
61
082
_a
61JOH
100
_a
3
101
_a
MJEK
245
_a
COMPARATIVE HEALTH SYSTEMS
_c
JOHNSON A J
942
_2
udc
_c
BK
999
_c
59081
_d
59081